|
|
|
|
| LEADER |
00000naa2a2200000 4500 |
| 001 |
168353 |
| 005 |
20240205141839.0 |
| 035 |
|
|
|a (RuTPU)RU\TPU\book\182663
|
| 090 |
|
|
|a 168353
|
| 100 |
|
|
|a 20091027d1972 k y0rusy50 ca
|
| 101 |
0 |
|
|a rus
|
| 102 |
|
|
|a RU
|
| 200 |
1 |
|
|a Распределение потерянной быстрыми электронами энергии в диэлектрике с однородным электрическим полем
|f А. А. Воробьев, О. Б. Евдокимов, Н. К. Рыжакова
|
| 320 |
|
|
|a Библиогр.: 2 назв.
|
| 463 |
|
0 |
|0 (RuTPU)RU\TPU\book\181235
|t Дозиметрия и радиационные процессы в дозиметрических системах
|o сборник статей
|f Академия наук Узбекской ССР (АН УзССР), Институт ядерной физики (ИЯФ) ; под ред. И. М. Блаунштейна
|v С. 45-52
|d 1972
|p 235 с.
|
| 610 |
1 |
|
|a труды учёных ТПУ
|
| 700 |
|
1 |
|a Воробьев
|b А. А.
|c российский физик
|c ректор Томского политехнического института, профессор
|f 1909-1981
|g Александр Акимович
|3 (RuTPU)RU\TPU\pers\12805
|4 070
|
| 701 |
|
1 |
|a Евдокимов
|b О. Б.
|
| 701 |
|
1 |
|a Рыжакова
|b Н. К.
|c физик
|c доцент Томского политехнического университета, кандидат физико-математических наук
|f 1947-
|g Надежда Кирилловна
|3 (RuTPU)RU\TPU\pers\28003
|9 12992
|
| 801 |
|
1 |
|a RU
|b 63413507
|c 20091027
|
| 801 |
|
2 |
|a RU
|b 63413507
|c 20151116
|g RCR
|
| 942 |
|
|
|c BK
|